[Event "Russian Women's Higher League 2021"]
[Site "?"]
[Date "2021.06.26"]
[Round "1.2"]
[White "Bodnaruk, Anastasia"]
[Black "Dimitrova, Aleksandra"]
[Result "1-0"]
[WhiteElo "2446"]
[BlackElo "2204"]
[Annotator ""]
[Source ""]
[Remark ""]

1.e4 {[%clk 1:30:57]} c5 {[%clk 1:30:54]} 2.Nf3 {[%clk 1:31:14]}
Nc6 {[%clk 1:31:11]} 3.d4 {[%clk 1:31:30]} cxd4 {[%clk 1:31:32]}
4.Nxd4 {[%clk 1:31:56]} e6 {[%clk 1:31:50]} 5.Nc3 {[%clk 1:32:12]}
Qc7 {[%clk 1:32:09]} 6.Be3 {[%clk 1:31:43]} a6 {[%clk 1:32:08]}
7.Be2 {[%clk 1:31:59]} Nf6 {[%clk 1:31:49]} 8.O-O {[%clk 1:32:13]}
Bb4 {[%clk 1:32:02]} 9.Na4 {[%clk 1:31:11]} O-O {[%clk 1:31:34]}
10.c4 {[%clk 1:27:10]} Nxe4 {[%clk 1:30:55]} 11.c5 {[%clk 1:20:00]}
Qe5 {[%clk 0:58:15]} 12.f4 {[%clk 1:05:31]} Qf6 {[%clk 0:54:55]}
13.Nxc6 {[%clk 0:53:55]} dxc6 {[%clk 0:46:10]} 14.Bd3 {[%clk 0:39:13]}
Rd8 {[%clk 0:25:48]} 15.Qe2 {[%clk 0:38:05]} Qg6 {[%clk 0:12:19]}
16.Rad1 {[%clk 0:37:20]} Ba5 {[%clk 0:11:16]} 17.Bd2 {[%clk 0:29:10]}
Bxd2 {[%clk 0:07:09]} 18.Bxe4 {[%clk 0:26:44]} f5 {[%clk 0:07:27]}
19.Rxd2 {[%clk 0:26:53]} Rxd2 {[%clk 0:07:53]} 20.Qxd2 {[%clk 0:27:21]}
fxe4 {[%clk 0:08:18]} 21.Qd8+ {[%clk 0:26:50]} 1-0

[Event "Russian Women's Higher League 2021"]
[Site "?"]
[Date "2021.06.26"]
[Round "1.3"]
[White "Getman, Tatyana"]
[Black "Galliamova, Alisa"]
[Result "0-1"]
[WhiteElo "2201"]
[BlackElo "2442"]
[Annotator ""]
[Source ""]
[Remark ""]

1.d4 {[%clk 1:30:58]} d5 {[%clk 1:30:50]} 2.c4 {[%clk 1:31:21]}
e6 {[%clk 1:31:15]} 3.Nf3 {[%clk 1:31:22]} a6 {[%clk 1:31:20]}
4.cxd5 {[%clk 1:30:36]} exd5 {[%clk 1:31:45]} 5.Nc3 {[%clk 1:31:00]}
Nf6 {[%clk 1:32:04]} 6.Bg5 {[%clk 1:30:54]} Be6 {[%clk 1:32:23]}
7.e3 {[%clk 1:30:16]} Nbd7 {[%clk 1:32:32]} 8.Bd3 {[%clk 1:29:12]}
Bd6 {[%clk 1:32:41]} 9.O-O {[%clk 1:29:05]} c6 {[%clk 1:30:36]}
10.Re1 {[%clk 1:27:32]} Qc7 {[%clk 1:28:06]} 11.e4 {[%clk 1:18:34]}
dxe4 {[%clk 1:25:05]} 12.Nxe4 {[%clk 1:18:55]} Nxe4 {[%clk 1:25:01]}
13.Bxe4 {[%clk 1:18:08]} h6 {[%clk 0:52:44]} 14.Bh4 {[%clk 1:14:22]}
g5 {[%clk 0:51:07]} 15.Bg3 {[%clk 1:14:21]} Bxg3 {[%clk 0:50:14]}
16.hxg3 {[%clk 1:14:34]} O-O-O {[%clk 0:49:58]} 17.Qc2 {[%clk 1:06:20]}
g4 {[%clk 0:42:40]} 18.Nh4 {[%clk 1:03:14]} Kb8 {[%clk 0:40:24]}
19.b4 {[%clk 0:46:30]} Qb6 {[%clk 0:36:26]} 20.a4 {[%clk 0:41:25]}
Nf6 {[%clk 0:31:23]} 21.Bf5 {[%clk 0:40:03]} Rhe8 {[%clk 0:23:27]}
22.Bxe6 {[%clk 0:36:25]} Rxe6 {[%clk 0:23:48]} 23.Nf5 {[%clk 0:35:31]}
Rd5 {[%clk 0:16:07]} 24.Reb1 {[%clk 0:26:50]} Ne4 {[%clk 0:14:24]}
25.Re1 {[%clk 0:20:31]} Rxf5 {[%clk 0:10:25]} 26.Rxe4 {[%clk 0:20:56]}
Qxb4 {[%clk 0:10:02]} 27.Rxe6 {[%clk 0:14:01]} fxe6 {[%clk 0:10:23]}
28.Qe4 {[%clk 0:14:14]} Rxf2 {[%clk 0:05:29]} 29.Kxf2 {[%clk 0:09:26]}
Qb2+ {[%clk 0:05:54]} 30.Ke3 {[%clk 0:09:35]} Qxa1 {[%clk 0:05:44]}
31.Qe5+ {[%clk 0:09:16]} Ka8 {[%clk 0:05:57]} 32.Qd6 {[%clk 0:04:47]}
Qe1+ {[%clk 0:04:15]} 33.Kd3 {[%clk 0:03:06]} Qf1+ {[%clk 0:02:49]}
34.Ke3 {[%clk 0:02:57]} Qf5 {[%clk 0:02:59]} 35.Qd8+ {[%clk 0:02:55]}
Ka7 {[%clk 0:03:25]} 36.a5 {[%clk 0:03:10]} Qg5+ {[%clk 0:03:12]} 0-1

[Event "Russian Women's Higher League 2021"]
[Site "?"]
[Date "2021.06.26"]
[Round "1.4"]
[White "Garifullina, Leya"]
[Black "Yakimova, Mariya"]
[Result "1-0"]
[WhiteElo "2399"]
[BlackElo "2200"]
[Annotator ""]
[Source ""]
[Remark ""]

1.e4 c5 2.Nf3 Nc6 3.Bb5 g6 4.Bxc6 dxc6 5.d3 Bg7 6.h3 Nf6 7.Nc3
O-O 8.Be3 b6 9.Qd2 e5 10.Bh6 Qd6 11.g4 a5 12.a4 Re8 13.b3 Bd7
14.Ne2 Bxh6 15.Qxh6 b5 16.Ng3 Re7 17.Qd2 c4 18.dxc4 Qc5 19.axb5
cxb5 20.O-O bxc4 21.b4 c3 22.Qg5 Qb6 23.bxa5 Qe6 24.Rfb1 Bc6
25.Rb6 Ree8 26.Qh6 Qc4 27.Ng5 Ra7 28.Rab1 Qc5 29.Nf5 gxf5 30.Qxf6
Bxe4 31.Rb8 Qf8 32.Rxe8 Qxe8 33.Rd1 Rd7 34.Re1 Qd8 35.Qxd8+ Rxd8
36.Nxe4 fxe4 37.Rxe4 Rd2 38.Ra4 Rxc2 39.a6 Rc1+ 40.Kg2 c2 41.a7
Rg1+ 42.Kxg1 c1Q+ 43.Kh2 1-0

[Event "Russian Women's Higher League 2021"]
[Site "?"]
[Date "2021.06.26"]
[Round "1.5"]
[White "Loskutova, Viktoriya"]
[Black "Guseva, Marina"]
[Result "0-1"]
[WhiteElo "2188"]
[BlackElo "2386"]
[Annotator ""]
[Source ""]
[Remark ""]

1.e4 {[%clk 1:30:58]} c5 {[%clk 1:30:53]} 2.Nf3 {[%clk 1:31:24]}
d6 {[%clk 1:31:20]} 3.d4 {[%clk 1:31:49]} cxd4 {[%clk 1:31:42]}
4.Nxd4 {[%clk 1:32:16]} Nf6 {[%clk 1:32:08]} 5.Nc3 {[%clk 1:32:41]}
a6 {[%clk 1:32:34]} 6.Be3 {[%clk 1:32:59]} e5 {[%clk 1:32:59]}
7.Nb3 {[%clk 1:33:25]} Be6 {[%clk 1:33:25]} 8.f3 {[%clk 1:33:50]}
h5 {[%clk 1:33:50]} 9.Qd2 {[%clk 1:34:04]} Nbd7 {[%clk 1:34:16]}
10.Nd5 {[%clk 1:34:26]} Bxd5 {[%clk 1:34:38]} 11.exd5 {[%clk 1:34:50]}
g6 {[%clk 1:34:43]} 12.Be2 {[%clk 1:34:55]} Bg7 {[%clk 1:35:07]}
13.Na5 {[%clk 1:34:19]} Qc7 {[%clk 1:32:20]} 14.c4 {[%clk 1:34:26]}
e4 {[%clk 1:24:08]} 15.Rc1 {[%clk 1:29:15]} exf3 {[%clk 1:13:37]}
16.gxf3 {[%clk 1:28:42]} O-O {[%clk 1:13:22]} 17.O-O {[%clk 1:29:06]}
Rfe8 {[%clk 1:03:15]} 18.b4 {[%clk 1:28:23]} Ne5 {[%clk 0:46:02]}
19.c5 {[%clk 1:20:14]} Qe7 {[%clk 0:45:56]} 20.c6 {[%clk 1:17:08]}
bxc6 {[%clk 0:39:08]} 21.dxc6 {[%clk 1:17:31]} Nxc6 {[%clk 0:29:53]}
22.Rxc6 {[%clk 1:17:52]} Qxe3+ {[%clk 0:30:20]} 23.Qxe3 {[%clk 1:18:16]}
Rxe3 {[%clk 0:30:48]} 24.Bxa6 {[%clk 1:17:09]} Nd5 {[%clk 0:30:45]}
25.Bb7 {[%clk 1:02:19]} Rb8 {[%clk 0:28:06]} 26.Rxd6 {[%clk 0:56:18]}
Nxb4 {[%clk 0:27:50]} 27.Rd7 {[%clk 0:49:08]} Ra3 {[%clk 0:24:16]}
28.Nc6 {[%clk 0:49:14]} Nxc6 {[%clk 0:23:32]} 29.Bxc6 {[%clk 0:49:39]}
Rxa2 {[%clk 0:22:16]} 30.Bd5 {[%clk 0:23:44]} Bd4+ {[%clk 0:22:07]}
31.Kh1 {[%clk 0:24:10]} Rd2 {[%clk 0:22:28]} 32.Rxf7 {[%clk 0:21:47]}
Be5 {[%clk 0:11:58]} 33.f4 {[%clk 0:17:48]} Bd6 {[%clk 0:06:07]}
34.Rf6+ {[%clk 0:14:52]} Rxd5 {[%clk 0:06:30]} 35.Rxg6+ {[%clk 0:15:18]}
Kh7 {[%clk 0:05:10]} 36.Rg2 {[%clk 0:12:52]} Rf5 {[%clk 0:04:41]}
37.Rd2 {[%clk 0:11:30]} Bxf4 {[%clk 0:03:58]} 38.Rdf2 {[%clk 0:11:31]}
Rb4 {[%clk 0:04:16]} 39.Rg2 {[%clk 0:03:54]} Rf6 {[%clk 0:03:48]}
40.Rgf2 {[%clk 0:03:19]} Kg6 {[%clk 0:04:05]} 41.Rf3 {[%clk 0:00:52]}
Kf5 {[%clk 0:03:13]} 42.Kg2 {[%clk 0:24:45]} Rg6+ {[%clk 0:27:56]}
43.Kh1 {[%clk 0:13:53]} Rd6 {[%clk 0:21:53]} 44.R3f2 {[%clk 0:10:42]}
Rd3 {[%clk 0:17:48]} 45.Ra2 {[%clk 0:06:58]} h4 {[%clk 0:14:56]}
46.Rg1 {[%clk 0:03:47]} Rbd4 {[%clk 0:13:19]} 47.Ra5+ {[%clk 0:02:54]}
Ke4 {[%clk 0:10:47]} 48.Re1+ {[%clk 0:03:13]} Kf3 {[%clk 0:10:47]}
49.Rf1+ {[%clk 0:03:25]} Kg4 {[%clk 0:10:21]} 50.Rg1+ {[%clk 0:02:13]}
Kh3 {[%clk 0:10:13]} 51.Ra2 {[%clk 0:02:29]} Be3 {[%clk 0:09:44]}
52.Re1 {[%clk 0:02:10]} Rd1 {[%clk 0:08:59]} 53.Rae2 {[%clk 0:02:26]}
Bf2 {[%clk 0:09:10]} 0-1

[Event "Russian Women's Higher League 2021"]
[Site "?"]
[Date "2021.06.26"]
[Round "1.6"]
[White "Kovalevskaya, Ekaterina"]
[Black "Zherebtsova, Alexandra"]
[Result "0-1"]
[WhiteElo "2382"]
[BlackElo "2155"]
[Annotator ""]
[Source ""]
[Remark ""]

1.Nf3 {[%clk 1:30:56]} Nf6 {[%clk 1:27:28]} 2.c4 {[%clk 1:30:58]}
e6 {[%clk 1:27:51]} 3.Nc3 {[%clk 1:31:09]} d5 {[%clk 1:27:50]}
4.e3 {[%clk 1:31:31]} b6 {[%clk 1:27:16]} 5.d4 {[%clk 1:27:52]}
Bb7 {[%clk 1:27:24]} 6.cxd5 {[%clk 1:28:15]} exd5 {[%clk 1:27:45]}
7.g3 {[%clk 1:28:36]} Bd6 {[%clk 1:24:26]} 8.Bg2 {[%clk 1:28:49]}
Nbd7 {[%clk 1:20:31]} 9.O-O {[%clk 1:29:03]} a6 {[%clk 1:19:56]}
10.b3 {[%clk 1:26:00]} O-O {[%clk 1:20:04]} 11.Bb2 {[%clk 1:26:26]}
Re8 {[%clk 1:14:45]} 12.Rc1 {[%clk 1:09:36]} Qe7 {[%clk 1:08:30]}
13.Ne2 {[%clk 1:05:42]} Ne4 {[%clk 1:05:37]} 14.Nf4 {[%clk 1:02:30]}
a5 {[%clk 0:48:09]} 15.a4 {[%clk 0:57:27]} Rad8 {[%clk 0:33:21]}
16.Nd3 {[%clk 0:53:36]} Nb8 {[%clk 0:31:55]} 17.Re1 {[%clk 0:44:01]}
f6 {[%clk 0:29:49]} 18.Re2 {[%clk 0:39:25]} Na6 {[%clk 0:28:42]}
19.Rec2 {[%clk 0:35:25]} Qf7 {[%clk 0:24:03]} 20.Bf1 {[%clk 0:30:07]}
Bc8 {[%clk 0:16:04]} 21.Nh4 {[%clk 0:24:55]} Kh8 {[%clk 0:11:59]}
22.Ng2 {[%clk 0:24:29]} Nb8 {[%clk 0:09:55]} 23.Ndf4 {[%clk 0:19:01]}
c6 {[%clk 0:06:57]} 24.Be2 {[%clk 0:11:49]} Bb7 {[%clk 0:04:31]}
25.Nh4 {[%clk 0:08:06]} g6 {[%clk 0:03:04]} 26.Nhg2 {[%clk 0:08:18]}
Nd7 {[%clk 0:03:10]} 27.Rxc6 {[%clk 0:05:47]} Bxc6 {[%clk 0:03:23]}
28.Rxc6 {[%clk 0:06:15]} Bb8 {[%clk 0:00:57]} 29.Qc1 {[%clk 0:04:50]}
Nd6 {[%clk 0:00:41]} 30.Ba3 {[%clk 0:03:10]} Ne4 {[%clk 0:01:04]}
31.Bb5 {[%clk 0:01:04]} g5 {[%clk 0:01:19]} 32.Nd3 {[%clk 0:01:17]}
Re6 {[%clk 0:01:06]} 33.Rc8 {[%clk 0:01:09]} Qe8 {[%clk 0:01:03]}
34.Rxd8 {[%clk 0:01:19]} Qxd8 {[%clk 0:01:26]} 35.Bc6 {[%clk 0:01:31]}
Ndc5 {[%clk 0:00:53]} 36.Bb5 {[%clk 0:01:17]} Nxd3 {[%clk 0:00:55]}
37.Bxd3 {[%clk 0:01:45]} Qc7 {[%clk 0:00:43]} 38.Qd1 {[%clk 0:00:42]}
Qc3 {[%clk 0:00:46]} 39.Bb5 {[%clk 0:00:55]} Bd6 {[%clk 0:00:53]}
40.Bc1 {[%clk 0:01:16]} Bb4 {[%clk 0:01:06]} 41.h4 {[%clk 0:21:48]}
Re7 {[%clk 0:24:47]} 42.Kh2 {[%clk 0:13:01]} Rc7 {[%clk 0:10:55]}
43.hxg5 {[%clk 0:07:07]} Qxc1 {[%clk 0:10:26]} 44.Qf3 {[%clk 0:05:47]}
Qc2 {[%clk 0:07:11]} 45.Be2 {[%clk 0:03:14]} fxg5 {[%clk 0:06:32]}
46.Qf5 {[%clk 0:01:59]} Qc6 {[%clk 0:04:28]} 47.Qe5+ {[%clk 0:01:41]}
Rg7 {[%clk 0:03:24]} 48.Qb8+ {[%clk 0:00:38]} Rg8 {[%clk 0:03:38]}
49.Qe5+ {[%clk 0:01:03]} Qf6 {[%clk 0:02:03]} 50.Qxd5 {[%clk 0:01:31]}
Nc3 {[%clk 0:02:02]} 51.Qc4 {[%clk 0:01:15]} Nxe2 {[%clk 0:01:51]}
52.Qxe2 {[%clk 0:01:43]} Rf8 {[%clk 0:02:07]} 53.Kg1 {[%clk 0:01:16]}
Rc8 {[%clk 0:02:16]} 54.Qd1 {[%clk 0:01:05]} Qf5 {[%clk 0:01:48]}
55.Qf1 {[%clk 0:00:38]} Rc2 {[%clk 0:01:40]} 56.e4 {[%clk 0:00:36]}
Qxe4 {[%clk 0:01:49]} 57.Qb5 {[%clk 0:00:47]} Rc1+ {[%clk 0:01:33]}
58.Kh2 {[%clk 0:01:10]} Qg6 {[%clk 0:01:41]} 59.Qe5+ {[%clk 0:01:11]}
Kg8 {[%clk 0:01:40]} 60.Qd5+ {[%clk 0:00:43]} Kg7 {[%clk 0:01:58]}
61.Qd7+ {[%clk 0:00:44]} Qf7 {[%clk 0:02:13]} 62.Qg4 {[%clk 0:00:57]}
h6 {[%clk 0:00:42]} 63.Nf4 {[%clk 0:00:31]} Re1 {[%clk 0:00:58]}
64.d5 {[%clk 0:00:33]} Kh7 {[%clk 0:01:07]} 65.Nd3 {[%clk 0:00:54]}
Re8 {[%clk 0:01:09]} 66.Qd4 {[%clk 0:00:56]} Bc5 {[%clk 0:01:16]}
67.Nxc5 {[%clk 0:01:14]} bxc5 {[%clk 0:01:36]} 68.Qxc5 {[%clk 0:01:40]}
Re2 {[%clk 0:01:20]} 69.Kg1 {[%clk 0:01:50]} Re5 {[%clk 0:00:45]}
70.Qxa5 {[%clk 0:00:34]} Qxd5 {[%clk 0:00:49]} 71.Qc3 {[%clk 0:00:34]}
Re6 {[%clk 0:00:46]} 72.Qc7+ {[%clk 0:00:38]} Kg6 {[%clk 0:01:11]}
73.Qc2+ {[%clk 0:01:00]} Qe4 {[%clk 0:01:36]} 74.Qc8 {[%clk 0:01:03]}
Rc6 {[%clk 0:00:49]} 75.Qg8+ {[%clk 0:01:25]} Kh5 {[%clk 0:00:38]}
76.Qf7+ {[%clk 0:01:03]} Kg4 {[%clk 0:00:55]} 77.Qd7+ {[%clk 0:00:50]}
Kh5 {[%clk 0:00:45]} 78.Qf7+ {[%clk 0:01:11]} Rg6 {[%clk 0:01:07]}
79.a5 {[%clk 0:00:35]} Qe6 {[%clk 0:01:08]} 80.Qf3+ {[%clk 0:00:54]}
g4 {[%clk 0:01:32]} 81.Qd3 {[%clk 0:00:45]} Qe1+ {[%clk 0:01:31]}
82.Kg2 {[%clk 0:01:14]} Qxa5 {[%clk 0:01:40]} 83.b4 {[%clk 0:01:36]}
Qe5 {[%clk 0:01:42]} 84.Qb1 {[%clk 0:00:54]} Qd5+ {[%clk 0:01:53]}
85.Kh2 {[%clk 0:01:16]} Rf6 {[%clk 0:01:36]} 86.Qb2 {[%clk 0:01:11]}
Re6 {[%clk 0:01:30]} 87.Qc3 {[%clk 0:00:52]} Re2 {[%clk 0:01:27]}
88.Kg1 {[%clk 0:00:33]} Rd2 {[%clk 0:01:35]} 0-1

[Event "Russian Women's Higher League 2021"]
[Site "?"]
[Date "2021.06.26"]
[Round "1.7"]
[White "Iljushina, Olga"]
[Black "Bivol, Alina"]
[Result "0-1"]
[WhiteElo "2150"]
[BlackElo "2374"]
[Annotator ""]
[Source ""]
[Remark ""]

1.d4 {[%clk 1:30:57]} Nf6 {[%clk 1:27:46]} 2.c4 {[%clk 1:31:19]}
g6 {[%clk 1:27:34]} 3.Nc3 {[%clk 1:31:40]} c5 {[%clk 1:27:44]}
4.d5 {[%clk 1:30:59]} Bg7 {[%clk 1:27:47]} 5.Nf3 {[%clk 1:30:40]}
d6 {[%clk 1:27:25]} 6.h3 {[%clk 1:30:02]} O-O {[%clk 1:26:53]}
7.Bf4 {[%clk 1:29:40]} Nh5 {[%clk 1:22:51]} 8.Bh2 {[%clk 1:25:02]}
f5 {[%clk 1:22:28]} 9.e3 {[%clk 1:23:44]} a6 {[%clk 1:16:49]}
10.Be2 {[%clk 1:20:56]} b5 {[%clk 1:06:29]} 11.Nd2 {[%clk 1:05:20]}
b4 {[%clk 1:06:12]} 12.Na4 {[%clk 1:05:24]} Nf6 {[%clk 1:05:26]}
13.a3 {[%clk 1:03:16]} a5 {[%clk 1:01:29]} 14.axb4 {[%clk 1:03:19]}
axb4 {[%clk 0:55:17]} 15.Nxc5 {[%clk 1:00:53]} Rxa1 {[%clk 0:51:47]}
16.Qxa1 {[%clk 1:00:25]} dxc5 {[%clk 0:51:06]} 17.Bxb8 {[%clk 1:00:45]}
e6 {[%clk 0:51:24]} 18.Ba7 {[%clk 0:56:15]} Qc7 {[%clk 0:48:41]}
19.Nb3 {[%clk 0:55:20]} Ne4 {[%clk 0:48:09]} 20.O-O {[%clk 0:44:49]}
Rf7 {[%clk 0:42:58]} 21.f3 {[%clk 0:38:52]} Ng3 {[%clk 0:42:27]}
22.Bxc5 {[%clk 0:39:06]} Nxe2+ {[%clk 0:39:25]} 23.Kf2 {[%clk 0:39:29]}
exd5 {[%clk 0:37:06]} 24.cxd5 {[%clk 0:32:14]} Ng3 {[%clk 0:22:08]}
25.d6 {[%clk 0:30:14]} Qc6 {[%clk 0:22:15]} 26.Rc1 {[%clk 0:22:09]}
Qd5 {[%clk 0:18:54]} 27.Bxb4 {[%clk 0:18:52]} Bd7 {[%clk 0:16:49]}
28.Nc5 {[%clk 0:16:33]} f4 {[%clk 0:16:37]} 29.Nxd7 {[%clk 0:07:12]}
fxe3+ {[%clk 0:14:39]} 30.Kg1 {[%clk 0:06:58]} Ne2+ {[%clk 0:11:02]}
31.Kh1 {[%clk 0:06:55]} Nxc1 {[%clk 0:11:08]} 32.Qxc1 {[%clk 0:06:22]}
Qb7 {[%clk 0:11:02]} 33.Nb6 {[%clk 0:04:05]} Qxb6 {[%clk 0:09:44]}
34.Qc8+ {[%clk 0:04:27]} Bf8 {[%clk 0:09:38]} 35.d7 {[%clk 0:04:30]}
Qxb4 {[%clk 0:09:51]} 36.d8Q {[%clk 0:03:50]} e2 {[%clk 0:10:05]} 0-1

[Event "Russian Women's Higher League 2021"]
[Site "?"]
[Date "2021.06.26"]
[Round "1.8"]
[White "Voit, Daria"]
[Black "Nasyrova, Ekaterina"]
[Result "0-1"]
[WhiteElo "2354"]
[BlackElo "2149"]
[Annotator ""]
[Source ""]
[Remark ""]

1.Nf3 {[%clk 1:28:15]} d5 {[%clk 1:30:47]} 2.c4 {[%clk 1:28:38]}
e6 {[%clk 1:31:06]} 3.g3 {[%clk 1:29:06]} d4 {[%clk 1:30:59]}
4.Bg2 {[%clk 1:28:59]} Nf6 {[%clk 1:31:12]} 5.O-O {[%clk 1:29:11]}
c5 {[%clk 1:31:22]} 6.d3 {[%clk 1:29:32]} Nc6 {[%clk 1:31:30]}
7.e3 {[%clk 1:29:54]} Bd6 {[%clk 1:27:18]} 8.exd4 {[%clk 1:25:52]}
cxd4 {[%clk 1:27:09]} 9.Bg5 {[%clk 1:26:06]} h6 {[%clk 1:24:43]}
10.Bxf6 {[%clk 1:25:47]} Qxf6 {[%clk 1:24:56]} 11.Nbd2 {[%clk 1:24:30]}
O-O {[%clk 1:21:35]} 12.Ne4 {[%clk 1:15:14]} Qe7 {[%clk 1:17:31]}
13.Nxd6 {[%clk 1:15:22]} Qxd6 {[%clk 1:17:51]} 14.Rc1 {[%clk 1:15:38]}
e5 {[%clk 1:03:01]} 15.c5 {[%clk 1:06:43]} Qc7 {[%clk 0:50:35]}
16.a3 {[%clk 0:57:17]} Bg4 {[%clk 0:42:35]} 17.Re1 {[%clk 0:51:45]}
Rfe8 {[%clk 0:28:05]} 18.h3 {[%clk 0:31:08]} Bf5 {[%clk 0:21:45]}
19.b4 {[%clk 0:27:00]} a6 {[%clk 0:19:43]} 20.Qc2 {[%clk 0:23:40]}
Qd7 {[%clk 0:16:03]} 21.g4 {[%clk 0:22:37]} Bh7 {[%clk 0:11:43]}
22.Nd2 {[%clk 0:21:42]} f5 {[%clk 0:06:02]} 23.gxf5 {[%clk 0:20:58]}
Bxf5 {[%clk 0:05:24]} 24.Kh2 {[%clk 0:20:45]} Re6 {[%clk 0:04:49]}
25.Nc4 {[%clk 0:16:20]} Rf8 {[%clk 0:01:32]} 26.Nd6 {[%clk 0:15:00]}
Rg6 {[%clk 0:01:02]} 27.Rg1 {[%clk 0:12:28]} Kh8 {[%clk 0:01:07]}
28.Rce1 {[%clk 0:11:39]} Rgf6 {[%clk 0:00:46]} 29.Re2 {[%clk 0:12:04]}
Bh7 {[%clk 0:00:41]} 30.Rf1 {[%clk 0:06:32]} Rf4 {[%clk 0:00:51]}
31.Qd2 {[%clk 0:02:25]} Rh4 {[%clk 0:00:40]} 32.Rg1 {[%clk 0:01:52]}
Rf3 {[%clk 0:00:50]} 33.Rh1 {[%clk 0:01:15]} Rxd3 {[%clk 0:00:44]}
34.Qe1 {[%clk 0:01:13]} Rdxh3+ {[%clk 0:00:47]} 35.Kg1 {[%clk 0:01:36]}
Rxh1+ {[%clk 0:00:58]} 36.Bxh1 {[%clk 0:02:03]} Qh3 {[%clk 0:01:13]}
37.Bg2 {[%clk 0:02:09]} Qh2+ {[%clk 0:01:14]} 38.Kf1 {[%clk 0:02:28]}
Bd3 {[%clk 0:01:30]} 39.Qd2 {[%clk 0:01:23]} Bxe2+ {[%clk 0:01:07]}
40.Qxe2 {[%clk 0:01:48]} Qf4 {[%clk 0:01:17]} 41.Qc4 {[%clk 0:01:06]}
Qd2 {[%clk 0:00:52]} 0-1

[Event "Russian Women's Higher League 2021"]
[Site "?"]
[Date "2021.06.26"]
[Round "1.9"]
[White "Khokhlova, Daria"]
[Black "Tomilova, Elena"]
[Result "1/2-1/2"]
[WhiteElo "2148"]
[BlackElo "2353"]
[Annotator ""]
[Source ""]
[Remark ""]

1.d4 {[%clk 1:28:48]} d5 {[%clk 1:30:54]} 2.c4 {[%clk 1:29:11]}
c6 {[%clk 1:31:19]} 3.cxd5 {[%clk 1:29:31]} cxd5 {[%clk 1:31:44]}
4.Nf3 {[%clk 1:29:59]} Nc6 {[%clk 1:31:58]} 5.Nc3 {[%clk 1:29:39]}
e6 {[%clk 1:31:51]} 6.Bf4 {[%clk 1:27:32]} Bd6 {[%clk 1:32:11]}
7.Bxd6 {[%clk 1:27:47]} Qxd6 {[%clk 1:32:39]} 8.e3 {[%clk 1:25:39]}
Nge7 {[%clk 1:32:19]} 9.Qd2 {[%clk 1:18:59]} O-O {[%clk 1:29:22]}
10.Rc1 {[%clk 1:17:11]} f6 {[%clk 1:27:09]} 11.Bd3 {[%clk 1:13:28]}
Bd7 {[%clk 1:26:11]} 12.e4 {[%clk 1:08:08]} Be8 {[%clk 1:19:52]}
13.O-O {[%clk 0:45:57]} Bh5 {[%clk 1:16:38]} 14.Be2 {[%clk 0:37:38]}
Rad8 {[%clk 1:04:23]} 15.e5 {[%clk 0:33:51]} fxe5 {[%clk 0:55:17]}
16.Nb5 {[%clk 0:33:49]} Qb4 {[%clk 0:41:10]} 17.Qxb4 {[%clk 0:33:58]}
Nxb4 {[%clk 0:41:39]} 18.dxe5 {[%clk 0:27:22]} Bxf3 {[%clk 0:41:23]}
19.Bxf3 {[%clk 0:27:29]} Nd3 {[%clk 0:37:42]} 20.Rc7 {[%clk 0:26:49]}
Nf5 {[%clk 0:37:34]} 21.Bg4 {[%clk 0:22:28]} Nxe5 {[%clk 0:33:37]}
22.Bxf5 {[%clk 0:22:53]} Rxf5 {[%clk 0:33:10]} 23.Rxb7 {[%clk 0:16:04]}
Rf7 {[%clk 0:32:05]} 24.Rxf7 {[%clk 0:12:45]} Kxf7 {[%clk 0:31:41]}
25.f4 {[%clk 0:08:18]} Nd3 {[%clk 0:30:35]} 26.b3 {[%clk 0:08:00]}
Ke7 {[%clk 0:24:21]} 27.g3 {[%clk 0:06:07]} Rc8 {[%clk 0:22:19]}
28.Nxa7 {[%clk 0:04:25]} Ra8 {[%clk 0:21:34]} 29.Nc6+ {[%clk 0:04:22]}
Kd6 {[%clk 0:19:49]} 30.Nd4 {[%clk 0:03:01]} Rxa2 {[%clk 0:19:50]}
31.Rd1 {[%clk 0:01:51]} Nb4 {[%clk 0:18:34]} 32.Nb5+ {[%clk 0:01:06]}
Kd7 {[%clk 0:15:48]} 33.Nc3 {[%clk 0:01:03]} Rc2 {[%clk 0:15:27]}
34.Nb5 {[%clk 0:00:50]} Rb2 {[%clk 0:15:09]} 35.Nd4 {[%clk 0:00:55]}
Nc6 {[%clk 0:14:31]} 36.Nxc6 {[%clk 0:00:35]} Kxc6 {[%clk 0:14:56]}
37.Re1 {[%clk 0:00:33]} Kd6 {[%clk 0:15:15]} 38.Ra1 {[%clk 0:00:32]}
d4 {[%clk 0:14:55]} 39.Kf1 {[%clk 0:00:40]} Kd5 {[%clk 0:13:29]}
40.Ra5+ {[%clk 0:00:38]} Ke4 {[%clk 0:13:10]} 41.Re5+ {[%clk 0:00:45]}
Kf3 {[%clk 0:13:21]} 42.Ke1 {[%clk 0:01:08]} Rxb3 {[%clk 0:12:48]}
43.f5 {[%clk 0:22:01]} exf5 {[%clk 0:40:03]} 44.Rxf5+ {[%clk 0:22:09]}
Ke4 {[%clk 0:40:24]} 45.Rf7 {[%clk 0:17:55]} Rb1+ {[%clk 0:40:08]}
46.Kd2 {[%clk 0:17:43]} Rb2+ {[%clk 0:40:27]} 47.Ke1 {[%clk 0:18:09]}
Rxh2 {[%clk 0:40:42]} 48.Rxg7 {[%clk 0:18:36]} h5 {[%clk 0:38:47]}
49.Rf7 {[%clk 0:11:22]} Rg2 {[%clk 0:35:48]} 50.Rh7 {[%clk 0:10:12]}
Ke3 {[%clk 0:33:37]} 51.Re7+ {[%clk 0:09:54]} Kd3 {[%clk 0:33:53]}
52.Re5 {[%clk 0:09:20]} Rxg3 {[%clk 0:32:44]} 53.Rxh5 {[%clk 0:09:47]}
Rg1+ {[%clk 0:32:30]} 54.Kf2 {[%clk 0:10:14]} Rd1 {[%clk 0:32:16]}
55.Ra5 {[%clk 0:10:07]} Kc2 {[%clk 0:31:44]} 56.Ra2+ {[%clk 0:10:33]}
Kc3 {[%clk 0:26:40]} 57.Ra3+ {[%clk 0:10:19]} Kb2 {[%clk 0:26:30]}
58.Ke2 {[%clk 0:09:11]} Rh1 {[%clk 0:24:14]} 59.Ra7 {[%clk 0:06:50]}
Rh3 {[%clk 0:20:20]} 60.Kd2 {[%clk 0:06:53]} Kb3 {[%clk 0:19:06]}
61.Rb7+ {[%clk 0:07:06]} 1/2-1/2